FUNDAMENTALS OF TRAFFIC ENGINEERING DESIGN (Record no. 216125)
[ view plain ]
| 000 -LEADER | |
|---|---|
| fixed length control field | 00388nam a22001457a 4500 |
| 008 - FIXED-LENGTH DATA ELEMENTS--GENERAL INFORMATION | |
| fixed length control field | 250916b |||||||| |||| 00| 0 eng d |
| 020 ## - INTERNATIONAL STANDARD BOOK NUMBER | |
| International Standard Book Number | 97898887153469 |
| 050 ## - LIBRARY OF CONGRESS CALL NUMBER | |
| Classification number | HE 336.T7T87 2024 |
| 100 ## - MAIN ENTRY--PERSONAL NAME | |
| Personal name | TURNER HARRY CLARKE |
| 245 ## - TITLE STATEMENT | |
| Title | FUNDAMENTALS OF TRAFFIC ENGINEERING DESIGN |
| 260 ## - PUBLICATION, DISTRIBUTION, ETC. | |
| Place of publication, distribution, etc. | DUBLIN |
| Name of publisher, distributor, etc. | ORYSON PRESS |
| Date of publication, distribution, etc. | 2024 |
| 300 ## - PHYSICAL DESCRIPTION | |
| Extent | X,350 |
| 942 ## - ADDED ENTRY ELEMENTS (KOHA) | |
| Source of classification or shelving scheme | Library of Congress Classification |
| Koha item type | Long Loan Book |
| Withdrawn status | Lost status | Source of classification or shelving scheme | Damaged status | Not for loan | Collection | Home library | Current library | Shelving location | Date acquired | Inventory number | Total checkouts | Full call number | Barcode | Date last seen | Copy number | Price effective from | Koha item type |
|---|---|---|---|---|---|---|---|---|---|---|---|---|---|---|---|---|---|
| Library of Congress Classification | Business & Economics | Kisii University Library | Kisii University Library | On Display | 09/16/2025 | 109604 | HE 336.T7T87 2024 | 000000013267 | 09/16/2025 | C.4 | 09/16/2025 | Long Loan Book | |||||
| Library of Congress Classification | Business & Economics | Kisii University Library | Kisii University Library | On Display | 09/16/2025 | 109603 | HE 336.T7T87 2024 | 000000013266 | 09/16/2025 | C.3 | 09/16/2025 | Long Loan Book | |||||
| Library of Congress Classification | Business & Economics | Kisii University Library | Kisii University Library | On Display | 09/16/2025 | 109602 | HE 336.T7T87 2024 | 000000013265 | 09/16/2025 | C.2 | 09/16/2025 | Long Loan Book | |||||
| Library of Congress Classification | Business & Economics | Kisii University Library | Kisii University Library | On Display | 09/16/2025 | 109601 | HE 336.T7T87 2024 | 000000016871 | 09/16/2025 | C.1 | 09/16/2025 | Long Loan Book |